[Event "Schleswig Holstein-ch U18"]
[Site "Neumuenster"]
[Date "2011.04.28"]
[Round "5.2"]
[White "Lengler, Ole"]
[Black "Fritsche, Oliver"]
[Result "0-1"]
[WhiteElo "1764"]
[BlackElo "1707"]
[PlyCount "50"]
[EventDate "2011.04.25"]
[EventType "tourn"]
[EventRounds "9"]
[EventCountry "GER"]
[SourceTitle "EXT 2022"]
[Source "ChessBase"]
[SourceDate "2021.10.06"]
[SourceVersion "1"]
[SourceVersionDate "2021.10.06"]
[SourceQuality "1"]

1. e4 e6 2. c4 d5 3. cxd5 exd5 4. exd5 Nf6 5. Qa4+ Nbd7 6. Nc3 Be7 7. Bc4 0-0 8. d3 a6 9. Nge2 Nc5 10. Qc2 b5 11. Bb3 Bf5 12. Be3 Nxd3+ 13. Kf1 Bg6 14. Qd2 b4 15. Na4 Nxd5 16. Rd1 Qd7 17. Nc1 Rfd8 18. Nxd3 Nxe3+ 19. Qxe3 Bxd3+ 20. Kg1 Bf8 21. Qf3 Qe8 22. Bd5 Be2 23. Bxf7+ Qxf7 24. Qxe2 Qxa2 25. Qc2 Rxd1+ 0-1

[Event "Schleswig Holstein-ch U18 M"]
[Site "Neumuenster"]
[Date "2010.04.09"]
[Round "7"]
[White "Lengler, Ole"]
[Black "Marx, Joschka"]
[Result "1-0"]
[WhiteElo "1718"]
[BlackElo "2029"]
[PlyCount "33"]
[EventDate "2010.04.05"]
[EventType "tourn"]
[EventRounds "9"]
[EventCountry "GER"]
[SourceTitle "EXT 2023"]
[Source "ChessBase"]
[SourceDate "2022.10.05"]
[SourceVersion "1"]
[SourceVersionDate "2022.10.05"]
[SourceQuality "1"]

1. e4 c6 2. d4 g6 3. Nf3 Bg7 4. Bd3 d5 5. e5 Nh6 6. c3 f6 7. 0-0 0-0 8. Re1 Bg4 9. exf6 exf6 10. Nbd2 Nd7 11. h3 Bf5 12. Nf1 Bxd3 13. Qxd3 Nf7 14. b3 Qc7 15. Re7 Rae8 16. Qe2 Nd6 17. Bf4 1-0

[Event "Schleswig Holstein-ch U16 MT"]
[Site "Neumuenster"]
[Date "2008.03.30"]
[Round "9"]
[White "Lengler, Ole"]
[Black "Hoeger, Philipp"]
[Result "1-0"]
[WhiteElo "1744"]
[BlackElo "1539"]
[PlyCount "147"]
[EventDate "2008.03.24"]
[EventType "tourn"]
[EventRounds "9"]
[EventCountry "GER"]
[SourceTitle "EXT 2009"]
[Source "ChessBase"]
[SourceDate "2008.11.26"]
[SourceVersion "1"]
[SourceVersionDate "2008.11.26"]
[SourceQuality "1"]

1. e4 c5 2. Nf3 d6 3. d4 cxd4 4. Nxd4 Nf6 5. Nc3 g6 6. Be3 Bg7 7. f3 0-0 8. Qd2 Nc6 9. 0-0-0 d5 10. Kb1 Nxd4 11. Bxd4 dxe4 12. Bxf6 Qxd2 13. Rxd2 Bxf6 14. Nxe4 Bg7 15. Bc4 a6 16. Rhd1 Be5 17. Ng3 b5 18. Bd5 Rb8 19. Ne2 a5 20. Nd4 Bxd4 21. Rxd4 Ba6 22. Be4 Bc8 23. b3 f5 24. Bc6 Rb6 25. Bd7 Kf7 26. Bxc8 Rxc8 27. Rd8 Rcc6 28. Kb2 b4 29. R1d5 Ra6 30. Rb5 Rcb6 31. Rdd5 Rxb5 32. Rxb5 Ke6 33. c4 bxc3+ 34. Kxc3 Rc6+ 35. Kd3 Rd6+ 36. Ke3 Ra6 37. Rc5 Kd7 38. Kd4 a4 39. b4 a3 40. Ra5 Rb6 41. Kc4 Kd6 42. f4 Rc6+ 43. Kd3 Rb6 44. Kc4 Rc6+ 45. Kb3 Rc1 46. Rc5 Rf1 47. g3 Rf2 48. Rc2 Rf3+ 49. Ka4 g5 50. Rd2+ Kc6 51. b5+ Kb6 52. fxg5 e5 53. Re2 e4 54. Kb4 e3 55. Kxa3 Kxb5 56. Kb3 Rf2 57. Rxe3 Rxh2 58. Re5+ Kc6 59. Rxf5 Rh3 60. Rf3 Rh5 61. g6 hxg6 62. Rf6+ Kb5 63. Rxg6 Rh1 64. Rg5+ Kc6 65. g4 Rg1 66. Kb4 Rb1+ 67. Ka5 Rb8 68. a4 Ra8+ 69. Kb4 Rb8+ 70. Kc4 Rf8 71. Rg6+ Kc7 72. Kc5 Rf4 73. Rg7+ Kd8 74. a5 1-0

[Event "Schleswig Holstein-ch U16 MT"]
[Site "Neumuenster"]
[Date "2008.03.27"]
[Round "5"]
[White "Neitzel, Mirko"]
[Black "Lengler, Ole"]
[Result "1-0"]
[WhiteElo "1633"]
[BlackElo "1744"]
[PlyCount "81"]
[EventDate "2008.03.24"]
[EventType "tourn"]
[EventRounds "9"]
[EventCountry "GER"]
[SourceTitle "EXT 2009"]
[Source "ChessBase"]
[SourceDate "2008.11.26"]
[SourceVersion "1"]
[SourceVersionDate "2008.11.26"]
[SourceQuality "1"]

1. e4 Nf6 2. e5 Nd5 3. d4 d6 4. c4 Nb6 5. f4 dxe5 6. fxe5 Bf5 7. Nf3 e6 8. Nc3 Nc6 9. Be2 Nb4 10. 0-0 c5 11. Kh1 Nc2 12. dxc5 Bxc5 13. Qxd8+ Rxd8 14. Bg5 Nxa1 15. Bxd8 Nc2 16. Bg5 Ne3 17. Bxe3 Bxe3 18. Nb5 Nc8 19. Nfd4 Bg6 20. Rd1 Be4 21. Bf3 Bxf3 22. Nxf3 a6 23. Nd6+ Nxd6 24. exd6 Bc5 25. Ng5 h6 26. d7+ Ke7 27. Nxf7 Kxf7 28. d8Q Rxd8 29. Rxd8 b6 30. g3 Kf6 31. Kg2 e5 32. Kf3 Kf5 33. Rd5 h5 34. h3 g6 35. a3 a5 36. h4 Bd4 37. b4 axb4 38. axb4 Ke6 39. Ke4 Bc3 40. c5 bxc5 41. bxc5 1-0

[Event "Schleswig Holstein-ch U16 MT"]
[Site "Neumuenster"]
[Date "2008.03.25"]
[Round "2"]
[White "Lengler, Ole"]
[Black "Lohrie, Christian"]
[Result "1-0"]
[WhiteElo "1744"]
[BlackElo "1440"]
[PlyCount "91"]
[EventDate "2008.03.24"]
[EventType "tourn"]
[EventRounds "9"]
[EventCountry "GER"]
[SourceTitle "EXT 2009"]
[Source "ChessBase"]
[SourceDate "2008.11.26"]
[SourceVersion "1"]
[SourceVersionDate "2008.11.26"]
[SourceQuality "1"]

1. e4 e5 2. Nf3 Nc6 3. Bc4 Nf6 4. Ng5 d5 5. exd5 Na5 6. Bb5+ c6 7. dxc6 bxc6 8. Be2 h6 9. Nh3 Bd6 10. d3 Bd7 11. Nc3 Qc7 12. Be3 0-0 13. Ne4 Nxe4 14. dxe4 Be6 15. f3 Nc4 16. Bxc4 Bxc4 17. c3 Rfd8 18. Qc2 Be7 19. Nf2 a5 20. b3 Be6 21. 0-0 Rd7 22. Rad1 Rad8 23. Rxd7 Rxd7 24. Rd1 Rxd1+ 25. Qxd1 Qb8 26. Nd3 Qc7 27. Bc5 Bxc5+ 28. Nxc5 Bc8 29. Qd2 Kf8 30. Kf1 Ke7 31. Ke2 Qb6 32. Qe3 f6 33. Nd3 Qc7 34. Qc5+ Kf7 35. b4 axb4 36. Nxb4 Bb7 37. a4 Qc8 38. a5 Kg6 39. Qb6 c5 40. a6 cxb4 41. axb7 Qc4+ 42. Kf2 Qa2+ 43. Kg3 Qd2 44. h4 Qf4+ 45. Kh3 Kh5 46. Qf2 1-0

[Event "Schleswig Holstein-ch U16 MT"]
[Site "Neumuenster"]
[Date "2008.03.25"]
[Round "3"]
[White "Oltzen, Samuel David"]
[Black "Lengler, Ole"]
[Result "1/2-1/2"]
[WhiteElo "1803"]
[BlackElo "1744"]
[PlyCount "61"]
[EventDate "2008.03.24"]
[EventType "tourn"]
[EventRounds "9"]
[EventCountry "GER"]
[SourceTitle "EXT 2009"]
[Source "ChessBase"]
[SourceDate "2008.11.26"]
[SourceVersion "1"]
[SourceVersionDate "2008.11.26"]
[SourceQuality "1"]

1. e4 e5 2. Nf3 Nc6 3. Bc4 Bc5 4. c3 Nf6 5. b4 Bb6 6. d3 d6 7. a4 a5 8. b5 Ne7 9. 0-0 Bg4 10. h3 Bd7 11. Bb3 0-0 12. Bg5 Ng6 13. Nh4 h6 14. Nxg6 hxg5 15. Nxf8 Kxf8 16. Nd2 g4 17. hxg4 Bxg4 18. Qc1 Nh5 19. Bd1 Bxd1 20. Qxd1 Ng3 21. Qg4 Nxf1 22. Rxf1 Qf6 23. Nc4 Bc5 24. Ne3 c6 25. bxc6 bxc6 26. Qd7 Qd8 27. Qxc6 Rc8 28. Qd5 Qb6 29. Nc4 Qb3 30. Nxa5 Qxc3 31. Nc4 1/2-1/2

[Event "Schleswig Holstein-ch U16 MT"]
[Site "Neumuenster"]
[Date "2008.03.24"]
[Round "1"]
[White "Nonnenmacher, Lars"]
[Black "Lengler, Ole"]
[Result "0-1"]
[WhiteElo "1476"]
[BlackElo "1744"]
[PlyCount "146"]
[EventDate "2008.03.24"]
[EventType "tourn"]
[EventRounds "9"]
[EventCountry "GER"]
[SourceTitle "EXT 2009"]
[Source "ChessBase"]
[SourceDate "2008.11.26"]
[SourceVersion "1"]
[SourceVersionDate "2008.11.26"]
[SourceQuality "1"]

1. e4 e5 2. Nf3 Nc6 3. d4 exd4 4. Bc4 Nf6 5. e5 Ng4 6. Bxf7+ Kxf7 7. Ng5+ Ke8 8. Qxg4 Nxe5 9. Qxd4 Qf6 10. 0-0 Be7 11. Qe4 d6 12. Nc3 c6 13. f4 Ng6 14. Qa4 Bd7 15. Qb4 Rb8 16. Nce4 Qf8 17. Re1 Kd8 18. Qa5+ Kc8 19. Rf1 d5 20. Ng3 h6 21. Nf3 Bb4 22. Qa4 c5 23. Qb3 c4 24. Qe3 Bc5 25. Nd4 Qf6 26. c3 Ne7 27. Qf2 Bxd4 28. cxd4 Nc6 29. Be3 Bf5 30. Rac1 Kd7 31. Qf3 Kc7 32. Nh5 Qf7 33. Ng3 Bd3 34. Rfd1 Qf6 35. Nh5 Qf7 36. f5 Rbe8 37. g4 g6 38. Qg3+ Kd7 39. Nf4 gxf5 40. Nxd3 cxd3 41. Qf4 Qg6 42. Rxd3 Rhf8 43. Rc5 Qg8 44. g5 Re4 45. Qf3 f4 46. Qg4+ Kd6 47. Bf2 Qxg5 48. Qxg5 hxg5 49. Kg2 b6 50. Rc1 Re2 51. Rb1 Rfe8 52. h3 Rc2 53. Rc3 Rd2 54. Kf3 Ree2 55. Be1 Nxd4+ 56. Kg4 Rg2+ 57. Kh5 Rde2 58. Rd3 Ne6 59. Bb4+ Nc5 60. Rbd1 Re5 61. Rd4 g4+ 62. Kh4 gxh3 63. Kxh3 f3 64. Rf4 Rh5+ 65. Rh4 Rxh4+ 66. Kxh4 f2 67. Rf1 Ke5 68. Kh3 Rg8 69. Rxf2 Ne4 70. Rc2 Kf4 71. Rc7 a5 72. Be1 d4 73. Rb7 Ke3 0-1

[Event "GER-ch U25"]
[Site "Willingen"]
[Date "2007.05.29"]
[Round "5"]
[White "Jorczik, Andreas Carlos"]
[Black "Lengler, Ole"]
[Result "0-1"]
[WhiteElo "1842"]
[BlackElo "1541"]
[PlyCount "66"]
[EventDate "2007.05.26"]
[EventType "swiss"]
[EventRounds "9"]
[EventCountry "GER"]
[SourceTitle "CBM 118 Extra"]
[Source "ChessBase"]
[SourceDate "2007.07.04"]
[SourceVersion "1"]
[SourceVersionDate "2007.07.04"]
[SourceQuality "1"]

1. d4 d5 2. c4 e6 3. Nc3 Nf6 4. Bg5 Be7 5. Nf3 Nc6 6. e3 h6 7. Bh4 0-0 8. a3 dxc4 9. Bxc4 b6 10. Qa4 Na5 11. Ba2 Bd7 12. Qc2 Nc6 13. b4 Nd5 14. Nxd5 Bxh4 15. Nxc7 Rc8 16. Nxh4 Qxh4 17. b5 Rxc7 18. bxc6 Rxc6 19. Qd3 Rfc8 20. 0-0 Qg5 21. f4 Qa5 22. Bb1 g6 23. Qb3 Qc3 24. Qxc3 Rxc3 25. Kf2 Rb3 26. a4 Rcc3 27. a5 Rxe3 28. axb6 axb6 29. Ra8+ Kg7 30. Rc1 Rec3 31. Rxc3 Rxc3 32. Rb8 Rb3 33. Rb7 Bc6 0-1

[Event "GER North-chT U16"]
[Site "Magdeburg"]
[Date "2006.08.27"]
[Round "3.3"]
[White "Schiffner, Alexander"]
[Black "Lengler, Ole"]
[Result "0-1"]
[WhiteElo "1170"]
[BlackElo "1409"]
[PlyCount "138"]
[EventDate "2006.08.26"]
[EventType "team"]
[EventRounds "7"]
[EventCountry "GER"]
[SourceTitle "EXT 2007"]
[Source "ChessBase"]
[SourceDate "2006.11.23"]
[SourceVersion "1"]
[SourceVersionDate "2006.11.23"]
[SourceQuality "1"]

1. e4 e5 2. Nf3 Nc6 3. Bc4 Bc5 4. c3 Nf6 5. d4 exd4 6. cxd4 Bb4+ 7. Nc3 0-0 8. Bd2 Bxc3 9. Bxc3 Nxe4 10. 0-0 Nxc3 11. bxc3 d5 12. Bd3 Bg4 13. Rb1 b6 14. h3 Bh5 15. Be2 Re8 16. Re1 Na5 17. Nd2 Qd6 18. Bxh5 Re7 19. Rxe7 Qxe7 20. Qe2 Qa3 21. Qf3 g6 22. Bg4 Qxa2 23. Qd1 Nc4 24. Nxc4 Qxc4 25. Qb3 Qxb3 26. Rxb3 f5 27. Bf3 c6 28. g4 Kf7 29. Kf1 Rc8 30. gxf5 h5 31. fxg6+ Kxg6 32. h4 Rf8 33. Ke2 Rf4 34. Rb1 Rxh4 35. Rg1+ Kf6 36. Rg8 Ke6 37. Ra8 a5 38. Ra6 Kd7 39. Rxb6 c5 40. dxc5 Rc4 41. Rd6+ Kc7 42. Kd3 Rxc5 43. Rxd5 Rxd5+ 44. Bxd5 Kd6 45. Kd4 h4 46. f4 h3 47. c4 h2 48. c5+ Ke7 49. Ke5 a4 50. c6 a3 51. f5 a2 52. f6+ Kd8 53. Bxa2 h1Q 54. f7 Qh8+ 55. Kd6 Qf8+ 56. Ke5 Kc7 57. Bd5 Qe7+ 58. Kd4 Kd6 59. Kc4 Qh4+ 60. Kb3 Qh8 61. Kc4 Qb8 62. Kd4 Qb4+ 63. Bc4 Kxc6 64. Kd3 Qd6+ 65. Kc3 Kc5 66. Kb3 Qb6+ 67. Kc3 Qb4+ 68. Kc2 Qxc4+ 69. Kd2 Qxf7 0-1

[Event "Hamburg Robinow op"]
[Site "Hamburg"]
[Date "2005.10.02"]
[Round "2"]
[White "Lengler, Ole"]
[Black "Jachinski, Ronald"]
[Result "1/2-1/2"]
[WhiteElo "1296"]
[BlackElo "1467"]
[PlyCount "35"]
[EventDate "2005.10.01"]
[EventType "swiss"]
[EventRounds "9"]
[EventCountry "GER"]
[SourceTitle "CBM 108 Extra"]
[Source "ChessBase"]
[SourceDate "2005.11.04"]
[SourceVersion "1"]
[SourceVersionDate "2005.11.04"]
[SourceQuality "1"]

1. e4 c5 2. Nf3 d6 3. d4 Nc6 4. Be3 cxd4 5. Nxd4 e5 6. Nb5 a6 7. N5c3 Nf6 8. Nd2 Be6 9. f3 Be7 10. Bc4 b5 11. Bd5 Bxd5 12. exd5 Nb8 13. 0-0 0-0 14. Nde4 Nbd7 15. Qd2 Rc8 16. f4 Qc7 17. Rf2 Ng4 18. Re2 1/2-1/2

[Event "Schleswig Holstein-ch U12"]
[Site "Neumuenster"]
[Date "2005.03.23"]
[Round "8"]
[White "Falke, Cynthia"]
[Black "Lengler, Ole"]
[Result "1-0"]
[WhiteElo "1191"]
[BlackElo "1031"]
[PlyCount "49"]
[EventDate "2005.03.21"]
[EventType "swiss"]
[EventRounds "9"]
[EventCountry "GER"]
[SourceTitle "EXT 2007"]
[Source "ChessBase"]
[SourceDate "2006.11.23"]
[SourceVersion "1"]
[SourceVersionDate "2006.11.23"]
[SourceQuality "1"]

1. e4 e5 2. Nf3 Nc6 3. Bc4 Bc5 4. Nc3 Nf6 5. d3 d6 6. a3 Bg4 7. h3 Bh5 8. g4 Bg6 9. Bg5 Nd4 10. Nd5 h5 11. c3 Nxf3+ 12. Qxf3 hxg4 13. hxg4 Rxh1+ 14. Qxh1 Bxf2+ 15. Ke2 Bg3 16. Nxc7+ Kd7 17. Nxa8 Qxa8 18. Bxf6 gxf6 19. g5 Bf4 20. gxf6 Qg8 21. Qh3+ Kc7 22. Bb5 Kb6 23. c4 a6 24. Bd7 Bg3 25. Qxg3 1-0

[Event "Schleswig Holstein-ch U12"]
[Site "Neumuenster"]
[Date "2005.03.22"]
[Round "4"]
[White "Dietrich, Christoph"]
[Black "Lengler, Ole"]
[Result "0-1"]
[WhiteElo "1002"]
[BlackElo "1031"]
[PlyCount "62"]
[EventDate "2005.03.21"]
[EventType "swiss"]
[EventRounds "9"]
[EventCountry "GER"]
[SourceTitle "EXT 2007"]
[Source "ChessBase"]
[SourceDate "2006.11.23"]
[SourceVersion "1"]
[SourceVersionDate "2006.11.23"]
[SourceQuality "1"]

1. e4 e5 2. Nf3 Nc6 3. d4 exd4 4. Bc4 Bb4+ 5. c3 dxc3 6. bxc3 Bc5 7. Bxf7+ Kxf7 8. Qd5+ Ke8 9. Qxc5 d6 10. Qd5 Nf6 11. Qd1 Bg4 12. Bg5 Qe7 13. Nbd2 Rf8 14. 0-0 Kf7 15. Re1 Kg8 16. h3 Bh5 17. Nc4 Rad8 18. Qc2 Bxf3 19. gxf3 Ne5 20. Qb3 Nxf3+ 21. Kf1 Nxg5 22. Nxd6+ Qe6 23. Qxe6+ Nxe6 24. Nxb7 Rb8 25. Na5 Nf4 26. Nc6 Rb6 27. Ne7+ Kh8 28. Re3 Re6 29. Nf5 Rxe4 30. Rxe4 Nxe4 31. Re1 Nd2+ 0-1